Tecnociencia y cibercultura : la interrelación entre cultura, tecnología y ciencia /

En este libro, críticos, escritores y teóricos realizan un análisis cultural de la ciencia para poner de manifiesto que la tecnología es cultura y que se ha convertido en el discurso dominante en ámbitos como la política, la medicina, los medios de comunicación, la religión y hasta la vida cotidiana...

Deskribapen osoa

Gorde:
Xehetasun bibliografikoak
Egile nagusia: Aronowitz, Stanley (comp.)
Beste egile batzuk: Martinsons, Barbara (compilación) (compilación), Menser, Michael (compilación) (compilación)
Formatua: Liburua
Hizkuntza:gaztelania
Argitaratua: Barcelona, España : Paidós, 1998, c1998
Saila:(Paidós Multimedia ; 7)
Gaiak:
Etiketak: Etiketa erantsi
Etiketarik gabe, Izan zaitez lehena erregistro honi etiketa jartzen!

MARC

LEADER 00000nam^a2200000^a^4500
001 000182236
005 20250521000000.0
009 20260310102000.397
020 |a 84-493-0496-2 
037 |a Acervo ITESO - Biblioteca 
041 |a ESP 
082 |a 303. 483  |b ARO 
100 |a Aronowitz, Stanley  |e (comp.) 
245 1 0 |a Tecnociencia y cibercultura :  |b la interrelación entre cultura, tecnología y ciencia /  |c Comp. de S. Aronowitz, B. Martinsons, M. Menser ; introd. de Jennifer Rich ; tr. por Patrick Ducher. 
264 4 |a Barcelona, España :  |b Paidós,  |c 1998, c1998 
300 |a 366 p. 
336 |a texto  |b txt  |2 rdacontenido 
337 |a sin mediación  |b n  |2 rdamedio 
338 |a volumen  |b nc  |2 rdasoporte 
440 1 |a (Paidós Multimedia ;  |v 7) 
500 |a Traducción de: Technoscience and cyberculture 
520 |a En este libro, críticos, escritores y teóricos realizan un análisis cultural de la ciencia para poner de manifiesto que la tecnología es cultura y que se ha convertido en el discurso dominante en ámbitos como la política, la medicina, los medios de comunicación, la religión y hasta la vida cotidiana. 
649 |a XX 
650 |a Tecnología y Sociedad 
650 |a Trabajo -  |x Aspectos Tecnológicos 
650 |a Bioética 
650 |a Sociología de la Ciencia 
700 |a Martinsons, Barbara  |e (compilación) 
700 |a Menser, Michael  |e (compilación) 
910 |a Fondo General 
920 |a Impresos - Libros 
930 |a Colección General 
905 |a 101 
901 |a 0500122073  |b IT1  |c ACC  |u 20250521 
902 |a https://opac.biblio.iteso.mx/vufind/Record/000182236